| 000 | 01247nam0a22002651 4500 | ||
|---|---|---|---|
| 001 | rc\4002198 | ||
| 005 | 20260407114329.0 | ||
| 021 |
_aRU _b[55-15165] |
||
| 035 | _a(NLR Aleph) 008073677 | ||
| 090 |
_a9078979 _c9078979 |
||
| 100 | _a20130415d1955 |||y0rusy50 ca | ||
| 101 | 0 | _arus | |
| 102 | _aRU | ||
| 105 | _aa z ||||| | ||
| 200 | 1 |
_aВременные нормативы эксплуатационных потерь угля в недрах для систем разработки по Подмосковному угольному бассейну _eУтв. 9/III 1954 г. _fМ-во угольной пром-сти СССР. Техн. упр. |
|
| 210 |
_aМосква _cУглетехиздат _d1955 |
||
| 215 |
_a56 с. _cил. _d22 |
||
| 606 |
_aУгледобыча _xПотери угля в недрах _xНормативы _2psbo |
||
| 606 |
_aУгольные месторождения _xСистемы разработки _2psbo |
||
| 712 | 0 | 1 |
_aСССР _bМинистерство угольной промышленности _bТехническое управление _3RU\NLR\AUTH\8810066340 _9634301 |
| 801 | 0 |
_aRU _bNLR _gpsbo |
|
| 801 | 1 |
_aRU _bELAR _2rusmarc |
|
| 852 |
_aNLR _jТ26 Г-6/1616 |
||
| 942 | _cBOOK | ||
| 980 | _aNB | ||